• 首页
  • 本馆介绍
  • 公告通知
  • 最新文献
  • 馆藏检索
  • 电子资源
  • 读者导购
  • 参考咨询
  • 我的图书馆
  • 登录
  • 详细信息显示
  • 放入我的书架
  • 预约/预借图书
  • 作者相关作品
  • 分类相关作品
  • 丛书相关作品
  • 出版社相关作品

书目信息

  • 表格格式
  • 工作单格式
  • 卡片格式
题名:
名校教学管理
    
 
作者: 杨明 , 竭宝峰 编著
分册:  
出版信息: 合肥   安徽人民出版社  2012
页数: 206页
开本: 23cm
丛书名: 最新学校与教育系列丛书
单 册:
中图分类: G637.3
科图分类:
主题词: 学校管理--Xue Xiao Guan Li--教学管理--中小学
电子资源:
ISBN: 978-7-212-05031-3
000 01212nam 2200301 45
001 012001001101
005 20131026093151.0
010    @a978-7-212-05031-3@dCNY26.50
099    @aCAL 012014110642
100    @a20140911d2012 ekmy0chiy50 ea
101 0  @achi
102    @aCN@b340000
105    @ay z 000yy
106    @ar
200 1  @a名校教学管理@AMing Xiao Jiao Xue Guan Li@f杨明, 竭宝峰编著
210    @a合肥@c安徽人民出版社@d2012@h2015重印
215    @a206页@d23cm
225 2  @a最新学校与教育系列丛书@AZui Xin Xue Xiao Yu Jiao Yu Xi Lie Cong Shu
225 2  @a现代学校管理百科@AXian Dai Xue Xiao Guan Li Bai Ke
330    @a本书是根据作者多年的工作经验出发,从包括21世纪人才培养宏观环境挑战、名校建设依据、名校办学理念、名校道德教育、名校发展规划、名校内涵发展、名校科技创新等方面对名校建设作了介绍。内容包括:加强内部教育创新、开拓外围管理思路、名校教学经典案例解析三章。
410  0 @12001@a最新学校与教育系列丛书
410  0 @12001@a现代学校管理百科
606 0  @a学校管理@AXue Xiao Guan Li@x教学管理@x中小学
690    @aG637.3@v5
701  0 @a杨明@AYang Ming@4编著
701  0 @a竭宝峰@AJie Bao Feng@4编著
801  2 @aCN@b上海新华@c20191020
905    @b1222548-51@dG637.3@e1642@f4
    
    名校教学管理/杨明, 竭宝峰编著.-合肥:安徽人民出版社,2012(2015重印)
    206页;23cm.-(最新学校与教育系列丛书).-(现代学校管理百科)
    
    
    ISBN 978-7-212-05031-3:CNY26.50
    本书是根据作者多年的工作经验出发,从包括21世纪人才培养宏观环境挑战、名校建设依据、名校办学理念、名校道德教育、名校发展规划、名校内涵发展、名校科技创新等方面对名校建设作了介绍。内容包括:加强内部教育创新、开拓外围管理思路、名校教学经典案例解析三章。
●
相关链接 在E读中查询图书 在五车中查询图书 在当当中查询图书 在豆瓣中查询图书


正题名:名校教学管理     索取号:G637.3/1642         预约/预借

序号 登录号 条形码 馆藏地/架位号 状态 备注
1 1222548   212225484   第一样本阅览室/ [索取号:G637.3/1642] 在馆    
2 1222549   212225493   教育系资料室/ [索取号:G637.3/1642] 在馆    
3 1222550   212225509   教育系资料室/ [索取号:G637.3/1642] 在馆    
4 1222551   212225518   第四借阅区/ [索取号:G637.3/1642] 在馆    
唐山师范学院图书馆 欢迎您!
大连网信软件有限公司© 版权所有